Sản lượng tiềm năng của Việt Nam : Kích cầu hay kích cung? /

Zapisane w:
Opis bibliograficzny
1. autor: Nguyễn Tú Anh.
Kolejni autorzy: Nguyễn Thu Thủy.
Format: Artykuł
Język:Vietnamese
Hasła przedmiotowe:
Etykiety: Dodaj etykietę
Nie ma etykietki, Dołącz pierwszą etykiete!
Thư viện lưu trữ: Thư viện Trường Đại học Đà Lạt
LEADER 00866nam a2200277 4500
001 DLU180186013
005 ##20180726
040 # # |a DLU  |b vie 
041 # # |a vie 
044 # # |a vn 
100 # # |a Nguyễn Tú Anh. 
245 # # |a Sản lượng tiềm năng của Việt Nam :  |b Kích cầu hay kích cung? /  |c Nguyễn Tú Anh, Nguyễn Thu Thủy. 
653 # # |a Khoảng cách sản lượng tiềm năng 
653 # # |a Sản lượng tiềm năng 
653 # # |a Tổng vốn 
700 # # |a Nguyễn Thu Thủy. 
773 # # |t Kinh tế &Phát triển  |g Số 243, 2017, tr. 2-11 
920 # # |a Phòng Tạp chí -- Trung tâm Thông tin - Thư viện Trường Đại học Đà Lạt 
994 # # |a DLU 
900 # # |a True 
911 # # |a Nguyễn Thị Thu Phương 
925 # # |a G 
926 # # |a A 
927 # # |a BB 
980 # # |a Thư viện Trường Đại học Đà Lạt